The Amelioration of the Slaves in the British Empire, 1790-1833 : (Record no. 612100)

MARC details
000 -LEADER
fixed length control field 00583nam a2200193 a 4500
008 - FIXED-LENGTH DATA ELEMENTS--GENERAL INFORMATION
fixed length control field 260212s1995##################000#0#eng##
020 ## - INTERNATIONAL STANDARD BOOK NUMBER
ISBN 9780820420684
082 04 - DEWEY DECIMAL CLASSIFICATION NUMBER
Classification number 305.56709729
Item number LUS
100 1# - MAIN ENTRY--AUTHOR NAME
Personal name Luster, Robert E.,
245 10 - TITLE STATEMENT
Title The Amelioration of the Slaves in the British Empire, 1790-1833 :
260 ## - PUBLICATION, DISTRIBUTION, ETC. (IMPRINT)
Name of publisher Peter Lang Incorporated, International Academic Publishers,
Year of publication 1995.
300 ## - PHYSICAL DESCRIPTION
Number of Pages 208 pages
650 #0 - SUBJECT ADDED ENTRY--TOPICAL TERM
Topical Term History.
942 ## - ADDED ENTRY ELEMENTS (KOHA)
Koha item type English Books
Holdings
Withdrawn status Lost status Damaged status Not for loan Home library Current library Shelving location Date acquired Full call number Accession Number Price effective from Koha item type
        Anna Centenary Library Anna Centenary Library 3RD FLOOR, B WING 12.02.2026 305.56709729 LUS 218224 12.02.2026 English Books

Find us on the map